Mumienstadt Wien : Menschen, Mumien, konservierte Körper /

محفوظ في:

المؤلف الرئيسي: Bouchal, Robert (مؤلف)

مؤلفون آخرون: Schaub, Hagen.

التنسيق: كتاب

اللغة: German

منشور في: Wien : Pichler Verlag, 2013.

الموضوعات:

الوسوم: إضافة وسم

لا توجد وسوم, كن أول من يضع وسما على هذه التسجيلة!

رقم الطلب: GN293 .B68 2013

LEADER 00933namaa2200277 4500
001 23579
003 OSt
005 20250807071309.0
008 130303s2013 au ac g b 001 0 ger d
010 |a 2013467526 
020 |a 9783854316206 
040 |c ARCE Library 
043 |a e-au--- 
050 4 |a GN293 .B68 2013 
100 1 |a Bouchal, Robert,   |e author  |9 27096 
245 1 0 |a Mumienstadt Wien :   |b Menschen, Mumien, konservierte Körper /   |c Robert Bouchal, Hagen Schaub. 
264 1 |a Wien :   |b Pichler Verlag,   |c 2013. 
300 |a 189 pages :   |b illustrations (chiefly color), portraits ;   |c 25 cm. 
504 |a Includes bibliographical references (pages 173-185) and index. 
650 0 |a Mummies  |z Austria  |z Vienna. 
650 0 |a Human remains (Archaeology)   |z Austria   |z Vienna. 
650 0 |a Funeral rites and ceremonies   |z Austria   |z Vienna. 
700 1 |a Schaub, Hagen. 
901 |a reviewed 
942 |c BK  |2 lcc 
999 |c 23627  |d 23627